000 01052cam a22002054a 4500
005 20250605164051.0
008 250528s ||||||||||||||||||||||||d
035 _a17296
020 _a582014352
040 _aGR-AtMCL
_bgre
_dGR-AtMCL
_eAACR2
245 1 _aTourist Development / Second Edition
250 _a2nd
260 _bLongman Scientific and Technical,
_c1989
300 _a344
520 _aA comprehensive and up-to-date synthesis of recent studies, and through emphasizing concepts, frameworks and methods gives a systematic overview of the subject on a global basis. Preface, Acknowledgements, Tourism and Development and Tourism Development, Elements and Agents and the Context of Development, Processes and Typologies of Tourism Development, Demand and Development, Evaluating Tourist Resources, Analyzing the Impact of Tourist Development, Planning for Tourism, Review and Reappraisal, References, Autor and Subject and Place Index.
700 1 _aPearce Douglas
_93452
942 _cBK
999 _c2724
_d2724